000 00648nam a2200193 i 4500
001 50742
003 ES-MaACL
005 20230906162230.0
007 t|
008 030806s1972 sp a |||| | spa d
245 0 0 _aChalets :
_b49 proyectos para montaña y playa : planos de planta, fachada y perspectivas /
_cJavier Borrell Gleich ... [et al.].
250 _a1ª ed.
260 _aBarcelona :
_bCeac,
_c1972.
300 _a290 p., 93 lám. :
_bil. ;
_c30 cm.
650 4 _aViviendas unifamiliares.
_9173982
650 4 _aViviendas-
_xDiseño y construcción.
_9136999
700 1 _aBorrell Gleich, Javier.
_930586
852 4 _aES-MaACL
_jC-42897
999 _c50742
_d50742